<?xml version="1.0" encoding="UTF-8"?>
<record
    xmlns:xsi="http://www.w3.org/2001/XMLSchema-instance"
    xsi:schemaLocation="http://www.loc.gov/MARC21/slim http://www.loc.gov/standards/marcxml/schema/MARC21slim.xsd"
    xmlns="http://www.loc.gov/MARC21/slim">

  <leader>00437nam a2200169Ia 4500</leader>
  <controlfield tag="008">230718s9999    xx            000 0 und d</controlfield>
  <datafield tag="020" ind1=" " ind2=" ">
    <subfield code="a">9789353450212</subfield>
  </datafield>
  <datafield tag="041" ind1=" " ind2=" ">
    <subfield code="a">eng</subfield>
  </datafield>
  <datafield tag="082" ind1=" " ind2=" ">
    <subfield code="a">321.0309</subfield>
    <subfield code="b">YES</subfield>
  </datafield>
  <datafield tag="100" ind1=" " ind2=" ">
    <subfield code="a">Yesodharan D.</subfield>
    <subfield code="9">201633</subfield>
  </datafield>
  <datafield tag="245" ind1=" " ind2=" ">
    <subfield code="a">Empire</subfield>
  </datafield>
  <datafield tag="260" ind1=" " ind2=" ">
    <subfield code="c">2019</subfield>
    <subfield code="b">Juggernaut</subfield>
  </datafield>
  <datafield tag="300" ind1=" " ind2=" ">
    <subfield code="a">306</subfield>
  </datafield>
  <datafield tag="365" ind1=" " ind2=" ">
    <subfield code="c">Rs.</subfield>
    <subfield code="b">499.00</subfield>
  </datafield>
  <datafield tag="700" ind1=" " ind2=" ">
    <subfield code="a">Yesodharan D.</subfield>
    <subfield code="9">201633</subfield>
  </datafield>
  <datafield tag="906" ind1=" " ind2=" ">
    <subfield code="d">O:0648909-Aug-2019B:536001-Aug-2019</subfield>
    <subfield code="c">GENRL</subfield>
    <subfield code="b">124.75</subfield>
  </datafield>
  <datafield tag="999" ind1=" " ind2=" ">
    <subfield code="c">349873</subfield>
    <subfield code="d">349873</subfield>
  </datafield>
  <datafield tag="952" ind1=" " ind2=" ">
    <subfield code="0">0</subfield>
    <subfield code="1">0</subfield>
    <subfield code="4">0</subfield>
    <subfield code="7">0</subfield>
    <subfield code="a">CCEP</subfield>
    <subfield code="b">CCEP</subfield>
    <subfield code="d">2019-08-09</subfield>
    <subfield code="e">Technical Book Services</subfield>
    <subfield code="f">GENRL</subfield>
    <subfield code="g">374.25</subfield>
    <subfield code="i">5360</subfield>
    <subfield code="l">11</subfield>
    <subfield code="o">321.0309</subfield>
    <subfield code="p">CCEP-BK-61080</subfield>
    <subfield code="r">2026-05-14 08:39:20</subfield>
    <subfield code="s">2026-03-23</subfield>
    <subfield code="t">124.75</subfield>
    <subfield code="v">499.00</subfield>
    <subfield code="w">2019-08-01</subfield>
    <subfield code="y">BK</subfield>
    <subfield code="z">061080</subfield>
  </datafield>
</record>
